John Fairbank and the American understanding of modern China /

Bibliographic Details
Main Author: Evans, Paul M.
Format: Book
Language:English
Published: New York, NY, USA : B. Blackwell, 1988.
Subjects:

MARC

Tag First Indicator Second Indicator Subfields
LEADER 00000cam a2200000 a 4500
001 in00000017898
005 20151007053106.0
008 870903s1988 nyuc b 00110beng
010 |a  87025358  
020 |a 0631158537 :  |c $24.95 
035 |a (OCoLC)16831937 
035 |9 AAB0376AM 
040 |a DLC  |c DLC  |d TXA  |d UtOrBLW 
043 |a a-cc---  |a n-us--- 
049 |a TXAM  |c [A11467686] 
050 0 0 |a DS734.9.F3  |b E83 1988 
082 0 |a 951/.04  |2 19 
100 1 |a Evans, Paul M. 
245 1 0 |a John Fairbank and the American understanding of modern China /  |c Paul M. Evans. 
264 1 |a New York, NY, USA :  |b B. Blackwell,  |c 1988. 
300 |a xvi, 366 pages :  |b portrait ;  |c 24 cm. 
336 |a text  |b txt  |2 rdacontent 
337 |a unmediated  |b n  |2 rdamedia 
338 |a volume  |b nc  |2 rdacarrier 
504 |a Includes bibliographies and index. 
536 |a Dr. Paul P. Van Riper Collection Department of Political Science. 
600 1 0 |a Fairbank, John King,  |d 1907-1991. 
650 0 |a Sinologists  |z United States  |x Biography. 
651 0 |a United States  |x Relations  |z China. 
651 0 |a China  |x Relations  |z United States. 
999 |a MARS 
999 f f |s 64e54fde-07e5-36e1-8ee1-76789e1aa502  |i 2153140a-47b4-3aa2-bf40-200191734b2d  |t 0 
952 f f |p ric  |a Texas A&M University  |b Rellis Campus  |c Joint Library Facility  |s JLF  |d Remote Storage  |t 0  |e DS734.9.F3 E83 1988  |h Library of Congress classification  |i unmediated -- volume  |m A14821253380 
998 f f |a DS734.9.F3 E83 1988  |t 0  |l Remote Storage